| 000 | 00783nam a2200253Ia 4500 | ||
|---|---|---|---|
| 003 | OSt | ||
| 005 | 20220926013144.0 | ||
| 006 | a|||||r|||| 00| 0 | ||
| 007 | ta | ||
| 008 | 220923b |||||||| |||| 00| 0 eng d | ||
| 037 | _cGeneral Book | ||
| 040 |
_aRTL _cRTL _beng |
||
| 041 |
_2eng _aeng |
||
| 082 | _aU43.1.N8, M3 | ||
| 100 |
_aBrunn Stanley D _9280499 |
||
| 245 | 0 |
_aCities of the world _b World regional urban develop |
|
| 260 |
_aNew York _bHarper and Row U. S. A. _c1983 |
||
| 300 |
_axxi, 506p _ccm. |
||
| 490 | _aHarper and Row series in Geography | ||
| 650 |
_aUrban Geography-International _9277418 |
||
| 700 |
_a Williams Jack F _9317879 |
||
| 942 |
_hU43.1.N8, M3 _cGB _2CC |
||
| 999 |
_c625278 _d625278 |
||